MARC

LEADER 00000nam0a2200000 4500
001 135271
005 20231101220536.0
035 |a (RuTPU)RU\TPU\book\146605 
090 |a 135271 
100 |a 20080408d1980 km y0rusy50 ca 
101 0 |a rus 
102 |a RU 
105 |a a z 001zy 
200 1 |a Советская живопись 78  |e сборник  |f сост. О. Р. Никулина 
210 |a Москва  |c Советский художник  |d 1980 
215 |a 303 с.  |c ил. 
320 |9 572  |a Указ. имен: с. 297-301 
606 1 |a Живопись  |2 stltpush  |3 (RuTPU)RU\TPU\subj\73461  |9 86457 
610 1 |a изобразительное искусство 
610 1 |a выставки 
610 1 |a художники 
610 1 |a портретная живопись 
610 1 |a композиции 
610 1 |a зарубежный опыт 
675 |a 75  |v 3 
702 1 |a Никулина  |b О. Р.  |4 220 
801 1 |a RU  |b 63413507  |c 20080228  |g PSBO 
801 2 |a RU  |b 63413507  |c 20210414  |g PSBO 
942 |c BK